000 00289nam a22001217a 4500
008 180427b xxu||||| |||| 00| 0 eng d
041 _aeng
080 _a043.3
100 _a0
101 _aMBE-BTH
245 _aSistemi unik monetar i bashkimin europian, Euro
_cHoxha,A
942 _2udc
_cBK
999 _c45627
_d45627